Desarrollo de un sistema de información que dé soporte a la gestión de calidad del servicio en Exactus de Costa Rica

Uloženo v:
Podrobná bibliografie
Hlavní autor: Del Valle Monge, Manuel
Další autoři: Gamboa Hidalgo, Samuel, Sandstad Castro, Diana
Médium: Kniha
Vydáno: [San José, Costa Rica] 2004
Témata:
Tagy: Přidat tag
Žádné tagy, Buďte první, kdo vytvoří štítek k tomuto záznamu!

MARC

LEADER 00000nam a2200000Ia 4500
003 009450
005 20221231144133.0
008 140114s2005 cr a m 000 ||s d
040 |c cru CEDI 
090 |a TFG 4992 
100 |a Del Valle Monge, Manuel  |9 6194 
245 |a Desarrollo de un sistema de información que dé soporte a la gestión de calidad del servicio en Exactus de Costa Rica  
260 |c 2004  |a [San José, Costa Rica] 
300 |a  volúmenes : ilustraciones  
500 |a  Proyecto de graduación (licenciatura en ingeniería civil)--Universidad de Costa Rica. Facultad de Ingeniería. Escuela de Ingeniería Industrial 
650 |x EXACTUS DE COSTA RICA  |x  ADMINISTRACION   |x CONTROL DE PROCESOS   |x CALIDAD TOTAL   |x CALIDAD DEL SERVICIO   |x SISTEMAS DE INFORMACION   |x SATISFACCION DEL CLIENTE  |9 6197 
700 |9 6195  |a Gamboa Hidalgo, Samuel 
700 |9 6196  |a Sandstad Castro, Diana 
942 |c TFG 
999 |c 17431  |d 17431